Automation, Production Systems and Computer Integrated Manufacturing (Record no. 211)

MARC details
000 -LEADER
fixed length control field 00459nam a22001697a 4500
005 - DATE AND TIME OF LATEST TRANSACTION
control field 20160428172153.0
008 - FIXED-LENGTH DATA ELEMENTS--GENERAL INFORMATION
fixed length control field 160428b xxu||||| |||| 00| 0 eng d
020 ## - INTERNATIONAL STANDARD BOOK NUMBER
ISBN 81-2032074-3
041 ## - LANGUAGE CODE
Language code of text/sound track or separate title eng
082 ## - DEWEY DECIMAL CLASSIFICATION NUMBER
Item number 00729
100 ## - MAIN ENTRY--AUTHOR NAME
Personal name Groover. Mikell P.
245 ## - TITLE STATEMENT
Title Automation, Production Systems and Computer Integrated Manufacturing
260 ## - PUBLICATION, DISTRIBUTION, ETC. (IMPRINT)
Place of publication New Delhi
Name of publisher PHI Pvt Ltd.
Year of publication 2003
300 ## - PHYSICAL DESCRIPTION
Number of Pages 856
650 ## - SUBJECT ADDED ENTRY--TOPICAL TERM
Topical Term Information Technology
942 ## - ADDED ENTRY ELEMENTS (KOHA)
Koha item type Books
Holdings
Lost status Damaged status Collection code Home library Current library Shelving location Date acquired Cost, normal purchase price Full call number Accession Number Koha item type
    CS/IT JRU Library JRU Library SHELF-52-D 28/04/2016 250.00 00729 00729 Books
    CS/IT JRU Library JRU Library SHELF-52-D 28/04/2016 250.00 00729 00730 Books
    Reference JRU Library   SHELF-30-A 28/04/2016 250.00 00729 00731 Books